Circuit and system theory
-д хадгалсан:
| Үндсэн зохиолчид: | , |
|---|---|
| Формат: | Ном |
| Хэл сонгох: | англи |
| Хэвлэсэн: |
Nueva York
John Wiley
1979
|
| Нөхцлүүд: | |
| Шошгууд: |
Шошго нэмэх
Шошго байхгүй, Энэхүү баримтыг шошголох эхний хүн болох!
|
MARC
| LEADER | 00000nam a2200000 a 4500 | ||
|---|---|---|---|
| 001 | UCU5283 | ||
| 003 | CL-VaPUC | ||
| 008 | 960531e19790000US |||||||||||||||||eng|d | ||
| 082 | 0 | 4 | |a 621.3192 |b LAG |2 21 |
| 100 | 0 | |a Lago, Gladwyn |e author |9 363211 | |
| 700 | 0 | |a Benningfield, Lloyd M |e author |9 363212 | |
| 245 | 1 | 0 | |a Circuit and system theory |
| 300 | |a 575 p | ||
| 942 | |c BK | ||
| 945 | |d 19960531 00:00:00 |a paguirre | ||
| 260 | |a Nueva York |b John Wiley |c 1979 | ||
| 650 | 0 | |a Circuitos eléctricos |9 260262 | |
| 650 | 0 | |a Ecuaciones diferenciales |9 260083 | |
| 650 | 0 | |a Análisis de Fourier |9 260464 | |
| 650 | 0 | |a Electricidad |9 260222 | |
| 650 | 0 | |a Electrónica |9 263192 | |
| 583 | |a last modification |c 19960531 00:00:00 |k Rodrigo Vera | ||
| 999 | |c 248698 |d 248696 | ||